Business English at University (Record no. 3375)
[ view plain ]
| 000 -LEADER | |
|---|---|
| fixed length control field | 01448cam a22002174a 4500 |
| 005 - ΗΜΕΡΟΜΗΝΙΑ ΚΑΙ ΩΡΑ ΤΕΛΕΥΤΑΙΑΣ ΕΝΗΜΕΡΩΣΗΣ | |
| Πεδίο ελέγχου | 20250605164113.0 |
| 008 - FIXED-LENGTH DATA ELEMENTS--GENERAL INFORMATION | |
| Πεδίο ελέγχου σταθερού μήκους | 250528s ||||||||||||||||||||||||d |
| 035 ## - SYSTEM CONTROL NUMBER | |
| System control number | 17981 |
| 020 ## - ISBN | |
| ISBN | 9789605160678 |
| 040 ## - ΠΗΓΗ ΚΑΤΑΛΟΓΟΓΡΑΦΗΣΗΣ | |
| Φορέας πρωτότυπης καταλογογράφησης | MC Athens Campus Library |
| Γλώσσα καταλογογράφησης | Ελληνικά, Μοντέρνα (1453-) |
| Modifying agency | MC Athens Campus Library |
| Κανόνες περιγραφικής καταλογογράφησης | AACR2 |
| 245 1# - ΤΙΤΛΟΣ ΚΑΙ ΔΗΛΩΣΗ ΥΠΕΥΘΥΝΟΤΗΤΑΣ | |
| Τίτλος | Business English at University |
| 260 ## - PUBLICATION, DISTRIBUTION, ETC. | |
| Name of publisher, distributor, etc. | Ανικούλα, |
| Date of publication, distribution, etc. | 2019 |
| 300 ## - PHYSICAL DESCRIPTION | |
| Extent | 392 |
| 520 ## - SUMMARY, ETC. | |
| Summary, etc. | The textbook is designed to meet the future business needs of university students: letter-writing (complaint, cover letter), report - writing, curriculum vitae, telephoning, negotiating and dealing with international business communication. Social vs Traditional Entrepreneur, The History of Google, Start-Up Business Models, Understanding Job Adverts, Employability Skills, CV and Cover Letter, Preparing for the Interview, Telecommuting, Incentivizing Labor, Company Profiles, About Organizations, Financial Statements, The Stock Exchange Market, Social Media Marketing, Returns Policy, SWOT Analysis, Case Study: Structura Steel Co, Crisis Management, Company Accountability, Business Across Cultures, Intercultural Awareness, Business Etiquette: Country Profiles, The Little Prince, Tom Sawyer, Appendixes, Grammar Reference, Business Letter Writing, Telephoning, Key to Study Exercises, Acknowledgements. |
| 700 1# - ΠΡΟΣΘΕΤΗ ΑΝΑΓΡΑΦΗ--ΦΥΣΙΚΟ ΠΡΟΣΩΠΟ | |
| Personal name | Kantaridou Zoe |
| 9 (RLIN) | 4300 |
| 700 1# - ΠΡΟΣΘΕΤΗ ΑΝΑΓΡΑΦΗ--ΦΥΣΙΚΟ ΠΡΟΣΩΠΟ | |
| Personal name | Papadopoulou Iris |
| 9 (RLIN) | 4301 |
| 700 1# - ΠΡΟΣΘΕΤΗ ΑΝΑΓΡΑΦΗ--ΦΥΣΙΚΟ ΠΡΟΣΩΠΟ | |
| Personal name | Stefanou Polyxeni |
| 9 (RLIN) | 4302 |
| 942 ## - ADDED ENTRY ELEMENTS (KOHA) | |
| Koha item type | Books |
| Τύπος τεκμηρίου | Βιβλιοθήκη | Τρέχουσα τοποθεσία | Barcode | Αριθμός εισαγωγής | Ημερομηνία απόκτησης | Ταξιθετικό σύμβολο | Αριθμός αντιτύπου | Κατάσταση απόσυρσης | Κατάσταση χαμένου | Κατάσταση κατεστραμμένου | Μη δανεισμός | Σύνολο δανεισμών | Ημερομηνία τελευταίας εμφάνισης | Η τιμή ισχύει από |
|---|---|---|---|---|---|---|---|---|---|---|---|---|---|---|
| Books | MC Athens Campus Library | MC Athens Campus Library | 9780000033741 | 7422 | 05/06/2025 | 428 KAN | 1 | 05/06/2025 | 05/06/2025 |